| 000 | 01177nam a2200313 c 4500 | ||
|---|---|---|---|
| 003 | BLK | ||
| 005 | 20230511144500.0 | ||
| 008 | 180411b bul|||||r ||||||| ||bul|| | ||
| 010 | _aKNG00196508000 | ||
| 040 | _aBLK | ||
| 041 |
_aBUL _cBUL |
||
| 080 |
_aПедагогическа психология _b37.015.3 _x(035) _z37.015.3(035) |
||
| 100 | 1 |
_aСавова, Жулиета Иванова _eпърви автор _9372549 |
|
| 139 |
_aСавова, Жулиета Иванова _bС 13 |
||
| 245 | 1 | 0 |
_aПедагогическото общуване в обучението _bМетод. ръководство _cЖулиета Иванова Савова. |
| 257 | _aBGR | ||
| 260 |
_аСофия _bНар. просв. _c1989 |
||
| 300 |
_a152 с. _c20 см |
||
| 380 | _a3 | ||
| 500 | _a4 000 тир. - Библиогр. с. 148-151. | ||
| 653 | _aобщуване | ||
| 653 | _aпедагогическа психология | ||
| 653 | _aръководства | ||
| 852 | _aЦб 159468 | ||
| 856 | 4 |
_qpdf _u |
|
| 856 | 4 |
_qpdf _u |
|
| 942 |
_cKNG _n0 _012 |
||
| 944 |
_aCR _c18.11.2016 _kНаталия_Любомирова |
||
| 944 |
_aED _c18.11.2016 _kНаталия_Любомирова |
||
| 999 |
_c187495 _d187495 |
||